000 03465nam1a22005651 4500
001 RU\NLR\A1\1768
005 20260407111835.0
035 _a(NLR Aleph) 009671904
090 _a9665331
_c9665331
100 _a19970728d1781 m y0rusy50 ca
101 1 _arus
_cgrc
102 _aRU
140 _ay g eaa yaa0000
200 1 _aДух, или мысли святаго Иоанна Златоустаго, архиепископа Константинопольскаго или Сокращенное нравственное его учение,
_eИз златых его сочинений выбранное, и на каждый день всего года к размышлению предложенное.
_fПеревод с латинскаго. Г. Щ.
_gПервая-[вторая] половина года
210 _aПечатано в Москве
_cв Сенатской типографии, у Ф.Гиппиуса
_d1781
215 _d
300 _aПер. Гавриил Щёголев
300 _aНа с.[3-6] ч.1 посвящ. пер. архиепископу Гавриилу (Петрову)
305 _aСуществует 2 изд., датированных 1781 г., отличающихся набором и оформлением. В настоящем изд. в ч.1 строка 3 посвящ. кончается словами: "...почитаю сию", в ч.2 имеются ошибки в паг. Изд. отличаются также набором с.14-17 ч.1 и виньетками
306 _aВ 1787 г. в моск. кн. лавках конфисковано 769 экз.
314 _aВ конце ч.2 примеч.: С сентября месяца перевод В.Б.
321 1 _aСК XVIII 2613
463 0 _1001RU\NLR\A1\1769
_99665334
_p[28], 303, [1] с., [1] л. фронт.
_tПервая половина года.
463 0 _1001RU\NLR\A1\1770
_99665338
_p[18], 1-52, [1], 50-306 [=310] с.
_tВторая половина года.
517 1 _aСокращенное нравственное его учение
620 _dМосква
700 0 _4070
_8rus
_7ca
_aИоанн Златоуст
_fок.347-407
_cархиепископ Константинопольский
_3RU\NLR\AUTH\77702
_9110743
702 1 _4730
_7ca
_8rus
_aЩёголев
_bГ.
_f18 в.
_gГавриил
_9232208
_3RU\NLR\AUTH\770232264
702 0 _4280
_8rus
_7ca
_aГавриил
_cПетров, Петр Петрович
_cмитрополит Новгородский и Санкт-Петербургский
_f1730-1801
_3RU\NLR\AUTH\7710169
_9119952
702 1 _4610
_7ca
_8rus
_aРидигер
_bХ.
_gХристиан
_9232514
_3RU\NLR\AUTH\770232570
702 1 _4610
_7ca
_8rus
_aКлаудий
_bХ.А.
_f-1805
_gХристофор Александрович
_9232381
_3RU\NLR\AUTH\770232437
702 0 _aВ.Б.
_4730
712 0 2 _4610
_aСенатская типография
_cМосква
_3RU\NLR\AUTH\889940126
_9375083
801 0 _aRU
_bNLR
_c19970728
852 _aNLR
_j138/1445
852 _aNLR
_bРЗФ
_j18 в. 3/1169 (1)
899 _aРГБ
899 _aБАН
899 _aЗНБ ВГУ
_yЧ.1
899 _aЗНБ СГУ
899 _aООНБ
_y[Ч.2]
899 _aКирОУНБ
899 _aМГУ
899 _aГПИБ
899 _aТОУНБ
899 _aЯИАМЗ
_y[Ч.2]
942 _cBOOK
980 _aNB
980 _aA1XVIIIv